[Event "Islington op 8th Evening Standard"]
[Site "London"]
[Date "1972.12.16"]
[Round "2"]
[White "Eley, Brian Ratcliffe"]
[Black "Pachman, Ludek"]
[Result "1-0"]
[WhiteElo "2296"]
[BlackElo "2512"]
[PlyCount "47"]
[EventDate "1972.12.15"]
[EventType "swiss"]
[EventRounds "6"]
[EventCountry "ENG"]
[SourceTitle "BritBase"]
[Source "John Saunders"]
[SourceDate "2023.12.16"]
[SourceVersion "1"]
[SourceVersionDate "2023.12.16"]
[SourceQuality "1"]

1. e4 e5 2. Nf3 Nc6 3. Bb5 a6 4. Ba4 Nf6 5. O-O Be7 6. Bxc6 dxc6 7. Nc3 Nd7 8.
d4 exd4 9. Nxd4 O-O 10. Qe2 Nc5 11. Rd1 Qe8 12. Bf4 Bf6 13. e5 Bd8 14. Bg3 b5
15. Ne4 Nxe4 16. Qxe4 Bd7 17. f4 Rb8 18. f5 g6 19. Qf4 c5 20. f6 Rb6 21. Nf3
Rxf6 22. exf6 Bf5 23. Bh4 Qe6 24. Rxd8 {Source: CHESS, January 1973, Vol.38/
665-6, p120} 1-0

[Event "Islington op 8th Evening Standard"]
[Site "London"]
[Date "1972.12.16"]
[Round "2"]
[White "Green, SL"]
[Black "Holloway, Nigel John"]
[Result "1/2-1/2"]
[WhiteElo "1720"]
[BlackElo "2264"]
[PlyCount "70"]
[EventDate "1972.12.15"]
[EventType "swiss"]
[EventRounds "6"]
[EventCountry "ENG"]
[SourceTitle "BritBase"]
[Source "John Saunders"]
[SourceDate "2023.12.16"]
[SourceVersion "1"]
[SourceVersionDate "2023.12.16"]
[SourceQuality "1"]

1. Nf3 Nf6 2. d4 g6 3. g3 Bg7 4. Bg2 O-O 5. O-O d6 6. c4 Nc6 7. Nc3 a6 8. e4
Nd7 9. Be3 Rb8 10. Qd2 b5 11. cxb5 axb5 12. Bh6 b4 13. Ne2 Na5 14. Bxg7 Kxg7
15. b3 c6 16. e5 Ba6 17. Rfe1 dxe5 18. dxe5 Nc5 19. Qxd8 Rfxd8 20. Nf4 Bb5 21.
Rac1 Nd3 22. Nxd3 Rxd3 23. Red1 Rbd8 24. Rxd3 Rxd3 25. Re1 Nb7 26. Re3 Rxe3 27.
fxe3 c5 28. Nd2 Nd8 29. Bf1 Bxf1 30. Kxf1 Ne6 31. Ke2 f6 32. exf6+ exf6 33. Kd3
f5 34. Kc4 Kf6 35. Kd5 g5 1/2-1/2

[Event "Islington op 8th Evening Standard"]
[Site "London"]
[Date "1972.12.16"]
[Round "2"]
[White "Kennaugh, Charles W"]
[Black "Lambshire, Michael V"]
[Result "1/2-1/2"]
[WhiteElo "2064"]
[BlackElo "2280"]
[PlyCount "75"]
[EventDate "1972.12.15"]
[EventType "swiss"]
[EventRounds "6"]
[EventCountry "ENG"]
[SourceTitle "BritBase"]
[Source "John Saunders"]
[SourceDate "2023.12.16"]
[SourceVersion "1"]
[SourceVersionDate "2023.12.16"]
[SourceQuality "1"]

1. e4 c5 2. Nf3 Nc6 3. d4 cxd4 4. c3 Nf6 5. e5 Nd5 6. cxd4 d6 7. Be2 g6 8. O-O
Bg7 9. exd6 Qxd6 10. Nc3 O-O 11. Re1 Bf5 12. Bg5 h6 13. Bh4 Rfd8 14. Qb3 Be6
15. Ne4 Qb4 16. Nc5 Qxb3 17. axb3 Nxd4 18. Nxd4 Bxd4 19. Nxe6 fxe6 20. Rad1 e5
21. Bc4 Kg7 22. Bxd5 Rxd5 23. Bxe7 Kf7 24. Ba3 Rad8 25. Rc1 R8d7 26. g3 a5 27.
Rc8 Rb5 28. Rec1 Rxb3 29. Rf8+ Ke6 30. Re8+ Kd5 31. Ra8 b6 32. Rc2 Rf7 33. Rg8
Rbf3 34. Rxg6 Bxf2+ 35. Kg2 Bd4 36. Rxh6 Rf2+ 37. Rxf2 Rxf2+ 38. Kh3 1/2-1/2

[Event "Islington op 8th Evening Standard"]
[Site "London"]
[Date "1972.12.16"]
[Round "2"]
[White "Kerr, G"]
[Black "Bellin, Robert"]
[Result "0-1"]
[WhiteElo "2160"]
[BlackElo "2328"]
[PlyCount "44"]
[EventDate "1972.12.15"]
[EventType "swiss"]
[EventRounds "6"]
[EventCountry "ENG"]
[SourceTitle "BritBase"]
[Source "John Saunders"]
[SourceDate "2023.12.16"]
[SourceVersion "1"]
[SourceVersionDate "2023.12.16"]
[SourceQuality "1"]

1. e4 c5 2. d4 cxd4 3. c3 dxc3 4. Nxc3 Nc6 5. Nf3 d6 6. Bc4 e6 7. O-O Be7 8.
Qe2 Nf6 9. Rd1 e5 10. h3 O-O 11. b4 a6 12. a4 Be6 13. Bxe6 fxe6 14. b5 axb5 15.
Qxb5 Qc8 16. Be3 Nh5 17. Rac1 Nf4 18. Bxf4 Rxf4 19. Nd2 Nd4 20. Qb2 Bg5 21. Nb3
Rf7 22. Ra1 Qxc3 0-1

[Event "Islington op 8th Evening Standard"]
[Site "London"]
[Date "1972.12.16"]
[Round "2"]
[White "Lemon, Richard C"]
[Black "Macdonald-Ross, Stephen"]
[Result "1-0"]
[WhiteElo "2232"]
[BlackElo "2048"]
[PlyCount "67"]
[EventDate "1972.12.15"]
[EventType "swiss"]
[EventRounds "6"]
[EventCountry "ENG"]
[SourceTitle "BritBase"]
[Source "John Saunders"]
[SourceDate "2023.12.16"]
[SourceVersion "1"]
[SourceVersionDate "2023.12.16"]
[SourceQuality "1"]

1. Nf3 g6 2. g3 Bg7 3. Bg2 d6 4. O-O Nf6 5. c4 e5 6. Nc3 O-O 7. d3 Nc6 8. Rb1
h6 9. b4 Nd7 10. a4 f5 11. Nd5 g5 12. Bb2 Nf6 13. Nxf6+ Bxf6 14. b5 Ne7 15. Nd2
Ng6 16. Qb3 Kg7 17. Rfc1 Rb8 18. c5 dxc5 19. Rxc5 b6 20. Rc2 Bb7 21. Rbc1 Rf7
22. Qe6 Bc8 23. Qb3 Bb7 24. Bxb7 Rxb7 25. Rc6 Nf8 26. Nf3 Re7 27. d4 exd4 28.
Rxf6 Kxf6 29. Nxd4 Kg6 30. Rc6+ Kh7 31. Nxf5 Ng6 32. Bf6 Qf8 33. Bxe7 Qxf5 34.
Rf6 1-0

[Event "Islington op 8th Evening Standard"]
[Site "London"]
[Date "1972.12.16"]
[Round "2"]
[White "MacGrillen, Hugh"]
[Black "Yeo, Michael J"]
[Result "0-1"]
[WhiteElo "2328"]
[BlackElo "2120"]
[PlyCount "104"]
[EventDate "1972.12.15"]
[EventType "swiss"]
[EventRounds "6"]
[EventCountry "ENG"]
[SourceTitle "BritBase"]
[Source "John Saunders"]
[SourceDate "2023.12.16"]
[SourceVersion "1"]
[SourceVersionDate "2023.12.16"]
[SourceQuality "1"]

1. e4 e5 2. Nf3 Nc6 3. Bb5 a6 4. Ba4 d6 5. Bxc6+ bxc6 6. d4 Bg4 7. dxe5 dxe5 8.
Nbd2 Qf6 9. O-O Ne7 10. Re1 Ng6 11. h3 h5 12. Nf1 Rd8 13. Qe2 Bxf3 14. Qxf3
Qxf3 15. gxf3 Bb4 16. c3 Be7 17. Be3 O-O 18. Red1 Nf4 19. Bxf4 exf4 20. Rd4
Rxd4 21. cxd4 Rd8 22. Rc1 Rxd4 23. Rxc6 Ra4 24. a3 Bf6 25. Rc2 Ra5 26. Nd2 Rb5
27. b3 Be7 28. a4 Rc5 29. Nc4 f5 30. e5 Rd5 31. Kf1 Kf7 32. Nb2 c5 33. Nc4 Ke6
34. Ke2 g5 35. Rc1 Kf7 36. Rg1 Kg6 37. Rc1 Bd8 38. Rc3 Kf7 39. Rd3 Ke6 40. Rxd5
Kxd5 41. Nd6 Ke6 42. Kd3 Bc7 43. Nb7 Kd5 44. e6 Bd6 45. Na5 Kxe6 46. Nc4 Bc7
47. Nd2 Kd5 48. Nc4 Bd8 49. Nd2 Bf6 50. Nc4 Bg7 51. Nb6+ Ke6 52. Nc4 h4 0-1

[Event "Islington op 8th Evening Standard"]
[Site "London"]
[Date "1972.12.16"]
[Round "2"]
[White "Parr, David"]
[Black "Saverymuttu, Seth"]
[Result "1/2-1/2"]
[WhiteElo "2152"]
[BlackElo "2344"]
[PlyCount "63"]
[EventDate "1972.12.15"]
[EventType "swiss"]
[EventRounds "6"]
[EventCountry "ENG"]
[SourceTitle "BritBase"]
[Source "John Saunders"]
[SourceDate "2023.12.16"]
[SourceVersion "1"]
[SourceVersionDate "2023.12.16"]
[SourceQuality "1"]

1. b4 e5 2. Bb2 Bxb4 3. Bxe5 Nf6 4. e3 d5 5. c4 Nc6 6. Bb2 O-O 7. cxd5 Nxd5 8.
Nf3 Re8 9. Be2 Bf5 10. O-O Qe7 11. a3 Bd6 12. Nc3 Nxc3 13. dxc3 Rad8 14. Qb3
Be4 15. c4 Ne5 16. Bxe5 Bxe5 17. Nxe5 Qxe5 18. Rad1 Qa5 19. g3 Bc6 20. Rxd8
Rxd8 21. Rd1 Rxd1+ 22. Qxd1 g6 23. Bf3 Bxf3 24. Qxf3 c6 25. Qe4 Qc5 26. a4 Qa5
27. Qe8+ Kg7 28. Qb8 b6 29. Qd6 Qxa4 30. Qe5+ Kf8 31. Qb8+ Ke7 32. Qc7+ 1/2-1/2

[Event "Islington op 8th Evening Standard"]
[Site "London"]
[Date "1972.12.16"]
[Round "2"]
[White "Richardson, Keith Bevan"]
[Black "Morris, D"]
[Result "1-0"]
[WhiteElo "2328"]
[BlackElo "2128"]
[PlyCount "65"]
[EventDate "1972.12.15"]
[EventType "swiss"]
[EventRounds "6"]
[EventCountry "ENG"]
[SourceTitle "BritBase"]
[Source "John Saunders"]
[SourceDate "2023.12.16"]
[SourceVersion "1"]
[SourceVersionDate "2023.12.16"]
[SourceQuality "1"]

1. e4 c5 2. Nf3 d6 3. d4 cxd4 4. Nxd4 Nf6 5. Nc3 a6 6. Bc4 b5 7. Bb3 Bb7 8. O-O
e6 9. Re1 b4 10. Nd5 exd5 11. exd5+ Kd7 12. c4 Kc8 13. a3 bxa3 14. Rxa3 Nbd7
15. Bd2 Be7 16. Nf5 Ne5 17. Ba5 Qf8 18. Nxe7+ Qxe7 19. f4 Nfd7 20. fxe5 dxe5
21. Bc2 Qc5+ 22. Kh1 Kb8 23. Bf5 Nb6 24. b4 Qd6 25. Qe2 g6 26. Bxb6 Qxb6 27.
Qxe5+ Ka7 28. Bd7 Qxb4 29. Qd4+ Qb6 30. c5 Qc7 31. c6+ Qb6 32. Qxb6+ Kxb6 33.
cxb7 1-0

[Event "Islington op 8th Evening Standard"]
[Site "London"]
[Date "1972.12.16"]
[Round "2"]
[White "Sherman, David"]
[Black "Mestel, A Jonathan"]
[Result "0-1"]
[WhiteElo "2200"]
[BlackElo "2256"]
[PlyCount "73"]
[EventDate "1972.12.15"]
[EventType "swiss"]
[EventRounds "6"]
[EventCountry "ENG"]
[SourceTitle "BritBase"]
[Source "John Saunders"]
[SourceDate "2023.12.16"]
[SourceVersion "1"]
[SourceVersionDate "2023.12.16"]
[SourceQuality "1"]

1. e4 g6 2. d4 Bg7 3. f4 d6 4. c3 c5 5. dxc5 Nf6 6. cxd6 exd6 7. e5 dxe5 8.
Qxd8+ Kxd8 9. fxe5 Re8 10. Nf3 Ng4 11. Bb5 Bd7 12. Na3 Bxe5 13. O-O Bd6 14. b4
Bc7 15. h3 Ne3 16. Bxe3 Rxe3 17. Rad1 Bb6 18. Kh1 Ke7 19. Bxd7 Nxd7 20. Nc4 Re2
21. Nd6 f5 22. c4 Bf2 23. Nxb7 Rxa2 24. c5 Rc8 25. Rd2 Rxd2 26. Nxd2 Bg3 27.
Ra1 Rc7 28. Rxa7 Be1 29. Nc4 Bxb4 30. Nb6 Nf6 31. c6 Bd6 32. Na8 Rc8 33. Na5+
Kd8 34. Nb6 Rc7 35. Rxc7 Kxc7 36. Na8+ Kc8 37. Nb6+ 0-1

[Event "Islington op 8th Evening Standard"]
[Site "London"]
[Date "1972.12.16"]
[Round "2"]
[White "Webb, Simon"]
[Black "James, Geoffrey H"]
[Result "1-0"]
[WhiteElo "2336"]
[BlackElo "2232"]
[PlyCount "73"]
[EventDate "1972.12.15"]
[EventType "swiss"]
[EventRounds "6"]
[EventCountry "ENG"]
[SourceTitle "BritBase"]
[Source "John Saunders"]
[SourceDate "2023.12.16"]
[SourceVersion "1"]
[SourceVersionDate "2023.12.16"]
[SourceQuality "1"]

1. d4 Nf6 2. c4 g6 3. Nc3 d5 4. Nf3 Bg7 5. e3 O-O 6. Qb3 e6 7. Bd2 b6 8. Be2
Bb7 9. O-O Nbd7 10. Rfd1 c6 11. Rac1 Ne4 12. Be1 f5 13. Nd2 Qg5 14. cxd5 Nxc3
15. bxc3 exd5 16. c4 Rac8 17. Nf3 Qd8 18. cxd5 cxd5 19. Qa3 a5 20. Bb5 Rf7 21.
Qd6 Nf8 22. Qxd8 Rxd8 23. Rd2 Ne6 24. Rdc2 f4 25. Rb1 fxe3 26. fxe3 Rc7 27.
Rxc7 Nxc7 28. Ba4 Bh6 29. Kf2 Rd6 30. Bxa5 bxa5 31. Rxb7 Na6 32. Bb3 Nb4 33.
Ne5 Bg7 34. Rb8+ Bf8 35. a3 Na6 36. Rb5 Rf6+ 37. Ke2 1-0

[Event "Islington op 8th Evening Standard"]
[Site "London"]
[Date "1972.12.16"]
[Round "3"]
[White "Basman, Michael John"]
[Black "Eley, Brian Ratcliffe"]
[Result "0-1"]
[WhiteElo "2328"]
[BlackElo "2296"]
[PlyCount "58"]
[EventDate "1972.12.15"]
[EventType "swiss"]
[EventRounds "6"]
[EventCountry "ENG"]
[SourceTitle "BritBase"]
[Source "John Saunders"]
[SourceDate "2023.12.16"]
[SourceVersion "1"]
[SourceVersionDate "2023.12.16"]
[SourceQuality "1"]

1. e4 e5 2. f4 d5 3. exd5 exf4 4. Qf3 Nf6 5. Bc4 Bd6 6. h3 O-O 7. Ne2 Nbd7 8.
d4 Nb6 9. Bb3 Nbxd5 10. c4 Bb4+ 11. Kf2 Ne3 12. Nbc3 Re8 13. Qxf4 Nf5 14. Rd1
Bd6 15. Qf3 Nh4 16. Qd3 Bf5 17. Qd2 Ne4+ 18. Nxe4 Bxe4 19. Nf4 Bxf4 20. Qxf4
Nxg2 21. Qg3 Qf6+ 22. Kg1 Nh4 23. d5 Nf3+ 24. Kf2 Nd2+ 25. Kg1 Nf3+ 26. Kf2 Re5
27. Bf4 Rf5 28. Bxc7 Qxb2+ 29. Ke3 Re8 {Source: CHESS, January 1973, Vol.38/
665-6, p121} 0-1

[Event "Islington op 8th Evening Standard"]
[Site "London"]
[Date "1972.12.16"]
[Round "3"]
[White "Bellin, Robert"]
[Black "Van der Weide, Piet"]
[Result "1-0"]
[WhiteElo "2328"]
[BlackElo "2310"]
[PlyCount "97"]
[EventDate "1972.12.15"]
[EventType "swiss"]
[EventRounds "6"]
[EventCountry "ENG"]
[SourceTitle "BritBase"]
[Source "John Saunders"]
[SourceDate "2023.12.16"]
[SourceVersion "1"]
[SourceVersionDate "2023.12.16"]
[SourceQuality "1"]

1. e4 c5 2. Nf3 e6 3. d4 cxd4 4. Nxd4 Nf6 5. Nc3 d6 6. g4 a6 7. Bg2 Qc7 8. g5
Nfd7 9. f4 Nc6 10. Be3 b5 11. Nxc6 Qxc6 12. Qd4 e5 13. Qd2 exf4 14. Bxf4 Ne5
15. Nd5 Be6 16. O-O-O Rc8 17. Kb1 Be7 18. c3 a5 19. Qd4 Bd8 20. Bxe5 dxe5 21.
Qxe5 O-O 22. h4 Re8 23. Qd4 Be7 24. Qd2 Bf8 25. Rc1 Qb7 26. h5 Red8 27. Bh3 a4
28. a3 Qc6 29. Qe2 Qc4 30. Rce1 Qb3 31. Qc2 Qxc2+ 32. Kxc2 Rc5 33. Bg2 Bd6 34.
Bf3 Be5 35. Rd1 Kf8 36. Rhg1 Rdc8 37. Rd3 Rd8 38. Kd2 Rcc8 39. Ke2 Bb8 40. Bg4
Rc4 41. Bf3 Rcc8 42. Kd2 Be5 43. Rg2 Bh3 44. Rg1 Be6 45. Kc2 Rc5 46. Rg2 Rdc8
47. Bg4 Rc4 48. Bxe6 fxe6 49. Nb6 {Source: CHESS, January 1973, Vol.38/665-6,
p120} 1-0

[Event "Islington op 8th Evening Standard"]
[Site "London"]
[Date "1972.12.16"]
[Round "3"]
[White "Bennett, Gerald H"]
[Black "Morley, Andrew J"]
[Result "1-0"]
[WhiteElo "2232"]
[BlackElo "2048"]
[PlyCount "39"]
[EventDate "1972.12.15"]
[EventType "swiss"]
[EventRounds "6"]
[EventCountry "ENG"]
[SourceTitle "BritBase"]
[Source "John Saunders"]
[SourceDate "2023.12.16"]
[SourceVersion "1"]
[SourceVersionDate "2023.12.16"]
[SourceQuality "1"]

1. c4 e5 2. Nc3 Nf6 3. Nf3 Nc6 4. g3 Bc5 5. Nxe5 Bxf2+ 6. Kxf2 Nxe5 7. e4 d5 8.
cxd5 Nfg4+ 9. Kg2 Qf6 10. Qe2 Nd3 11. h3 Qf2+ 12. Qxf2 Ngxf2 13. Rh2 Bxh3+ 14.
Rxh3 Nxh3 15. Bxd3 Ng5 16. Bb5+ Ke7 17. d4 h6 18. Bf4 a6 19. Ba4 Rac8 20. Bd1
1-0

[Event "Islington op 8th Evening Standard"]
[Site "London"]
[Date "1972.12.16"]
[Round "3"]
[White "Botterill, George Steven"]
[Black "Ashby, Alan Peter"]
[Result "1-0"]
[WhiteElo "2440"]
[BlackElo "2080"]
[PlyCount "53"]
[EventDate "1972.12.15"]
[EventType "swiss"]
[EventRounds "6"]
[EventCountry "ENG"]
[SourceTitle "BritBase"]
[Source "John Saunders"]
[SourceDate "2023.12.16"]
[SourceVersion "1"]
[SourceVersionDate "2023.12.16"]
[SourceQuality "1"]

1. e4 c5 2. Nf3 e6 3. d4 cxd4 4. Nxd4 a6 5. Nc3 Qc7 6. Bd3 Nc6 7. Be3 Nf6 8.
O-O b5 9. Nb3 Ne5 10. h3 d6 11. f4 Nc4 12. Bxc4 Qxc4 13. e5 b4 14. exf6 bxc3
15. fxg7 Bxg7 16. Qxd6 Qe4 17. Rad1 Bb7 ({"Afterwards my opponent suggested} 
17... Bf6 {and was impressed when I pointed out} 18. Bc5 $1 {The full subtlety
now escapes me, but Botterill turned to Tim Harding, who was watching the
post-mortem, and said: 'there's one for your collection of dynamic waiting
moves'. (Alan Ashby, Bristol Chess Times, January 1993, p17)}) 18. Qd7+ Kf8 19.
Rf3 Bd5 20. Rg3 h5 21. Nc5 Qf5 22. Rg5 Qf6 23. Rgxd5 exd5 24. Qxd5 Ra7 25. Ne4
Qe6 26. Qd8+ Qe8 27. Bc5+ {Source: Bristol Chess Times, January 1993, p17} 1-0

[Event "Islington op 8th Evening Standard"]
[Site "London"]
[Date "1972.12.16"]
[Round "3"]
[White "Century, Jonathan Isaac"]
[Black "Kovic, D"]
[Result "1-0"]
[WhiteElo "2280"]
[BlackElo "2104"]
[PlyCount "81"]
[EventDate "1972.12.15"]
[EventType "swiss"]
[EventRounds "6"]
[EventCountry "ENG"]
[SourceTitle "BritBase"]
[Source "John Saunders"]
[SourceDate "2023.12.16"]
[SourceVersion "1"]
[SourceVersionDate "2023.12.16"]
[SourceQuality "1"]

1. b3 Nf6 2. Bb2 e6 3. f4 b6 4. Nf3 Bb7 5. e3 Be7 6. Be2 d6 7. O-O O-O 8. Nc3
Nbd7 9. Qe1 c5 10. Qg3 Rc8 11. Qh3 e5 12. Nh4 g6 13. f5 g5 14. Qg3 Kh8 15. Nf3
Nh5 16. Qh3 g4 17. Qxh5 Nf6 18. Qh4 gxf3 19. Bxf3 Bxf3 20. Rxf3 Rg8 21. Qf2 Qd7
22. e4 Rg7 23. d3 Qb7 24. Rg3 Rcg8 25. Rxg7 Rxg7 26. Qf3 Bf8 27. Rf1 Rg8 28.
Bc1 b5 29. h3 b4 30. Nd5 Nxd5 31. exd5 f6 32. g4 Qg7 33. Kf2 h6 34. Rg1 a5 35.
h4 a4 36. Be3 axb3 37. axb3 Be7 38. g5 Qf7 39. g6 Qg7 40. Qh5 Bf8 41. Ra1 1-0

[Event "Islington op 8th Evening Standard"]
[Site "London"]
[Date "1972.12.16"]
[Round "3"]
[White "Chapman, Terry PD"]
[Black "Osmond, MD"]
[Result "1-0"]
[WhiteElo "2152"]
[BlackElo "2056"]
[PlyCount "37"]
[EventDate "1972.12.15"]
[EventType "swiss"]
[EventRounds "6"]
[EventCountry "ENG"]
[SourceTitle "BritBase"]
[Source "John Saunders"]
[SourceDate "2023.12.16"]
[SourceVersion "1"]
[SourceVersionDate "2023.12.16"]
[SourceQuality "1"]

1. e4 c5 2. Nf3 e6 3. d3 Nc6 4. g3 g6 5. Bg2 Bg7 6. O-O Nge7 7. c3 O-O 8. Re1
d6 9. Be3 Rb8 10. d4 cxd4 11. cxd4 d5 12. e5 Bd7 13. Nc3 Na5 14. b3 Qb6 15. Qd2
Rfc8 16. Rac1 Nf5 17. Bf4 Rc7 18. Nxd5 exd5 19. Rxc7 1-0

[Event "Islington op 8th Evening Standard"]
[Site "London"]
[Date "1972.12.16"]
[Round "3"]
[White "Franklin, Michael J"]
[Black "Williams, Arthur Howard"]
[Result "1/2-1/2"]
[WhiteElo "2320"]
[BlackElo "2424"]
[PlyCount "61"]
[EventDate "1972.12.15"]
[EventType "swiss"]
[EventRounds "6"]
[EventCountry "ENG"]
[SourceTitle "BritBase"]
[Source "John Saunders"]
[SourceDate "2023.12.16"]
[SourceVersion "1"]
[SourceVersionDate "2023.12.16"]
[SourceQuality "1"]

1. d4 Nf6 2. Nf3 b6 3. e3 Bb7 4. Nbd2 g6 5. Be2 Bg7 6. O-O O-O 7. b3 c5 8. c3
d6 9. Bb2 Nbd7 10. a4 a6 11. Ra2 Nd5 12. e4 Nf4 13. d5 e6 14. c4 e5 15. g3
Nxe2+ 16. Qxe2 Bc8 17. Ne1 f5 18. Nd3 Nf6 19. f3 fxe4 20. Nxe4 Nxe4 21. fxe4
Bh3 22. Rxf8+ Qxf8 23. Nf2 Bc8 24. Bc1 Ra7 25. Be3 a5 26. Ra1 Rf7 27. Rf1 Bh6
28. Nd1 Bg4 29. Rxf7 Bxe2 30. Rxf8+ Bxf8 31. Nf2 1/2-1/2

[Event "Islington op 8th Evening Standard"]
[Site "London"]
[Date "1972.12.16"]
[Round "3"]
[White "Hartston, William Roland"]
[Black "Adaway, William GL"]
[Result "1/2-1/2"]
[WhiteElo "2472"]
[BlackElo "2144"]
[PlyCount "70"]
[EventDate "1972.12.15"]
[EventType "swiss"]
[EventRounds "6"]
[EventCountry "ENG"]
[SourceTitle "BritBase"]
[Source "John Saunders"]
[SourceDate "2023.12.16"]
[SourceVersion "1"]
[SourceVersionDate "2023.12.16"]
[SourceQuality "1"]

1. e4 c5 2. Nf3 Nc6 3. d4 cxd4 4. Nxd4 Nf6 5. Nc3 d6 6. Bc4 Qb6 7. Nb3 e6 8.
Be3 Qc7 9. Bd3 Be7 10. f4 a6 11. g4 h6 12. Qe2 b5 13. O-O-O Nd7 14. h4 Bb7 15.
g5 hxg5 16. hxg5 O-O-O 17. a3 Nc5 18. Kb1 Kb8 19. Qf2 Nxd3 20. cxd3 Qd7 21. Nd4
Rxh1 22. Rxh1 Nxd4 23. Bxd4 d5 24. Be5+ Ka8 25. Qb6 dxe4 26. dxe4 Qc6 27. Qxc6
Bxc6 28. Bxg7 a5 29. Re1 b4 30. axb4 axb4 31. Na2 Rd2 32. Be5 Ba4 33. Rc1 Rd1
34. Bf6 Bc5 35. Rxd1 Bxd1 1/2-1/2

[Event "Islington op 8th Evening Standard"]
[Site "London"]
[Date "1972.12.16"]
[Round "3"]
[White "Hemingway, Thomas Keith"]
[Black "Ostojic, Predrag"]
[Result "0-1"]
[WhiteElo "2104"]
[BlackElo "2440"]
[PlyCount "94"]
[EventDate "1972.12.15"]
[EventType "swiss"]
[EventRounds "6"]
[EventCountry "ENG"]
[SourceTitle "BritBase"]
[Source "John Saunders"]
[SourceDate "2023.12.16"]
[SourceVersion "1"]
[SourceVersionDate "2023.12.16"]
[SourceQuality "1"]

1. Nf3 g6 2. g3 Bg7 3. Bg2 Nf6 4. d3 d5 5. c3 O-O 6. O-O Nc6 7. b4 a6 8. a4 e5
9. Ra3 Re8 10. b5 Na5 11. Bd2 c5 12. c4 e4 13. Bxa5 Qxa5 14. Nfd2 exd3 15. exd3
Be6 16. cxd5 Bxd5 17. Nc4 Qc7 18. Bh3 Rad8 19. Ne3 Be6 20. Bg2 Rd7 21. Qc2 Red8
22. Rc3 Bf8 23. Nd2 axb5 24. axb5 h5 25. Ndc4 Nd5 26. Nxd5 Bxd5 27. b6 Qb8 28.
Bh3 f5 29. Ne3 Bf7 30. Ng2 Qd6 31. Rb1 Ra8 32. Ne3 Ra2 33. Qd1 Qd4 34. Rc2 Ra3
35. Bf1 f4 36. Nc4 Ra8 37. Qf3 fxg3 38. Qxg3 Re8 39. Bg2 Bh6 40. Ne3 Qxd3 41.
Rd1 Qxd1+ 42. Nxd1 Rxd1+ 43. Bf1 Ree1 44. Kg2 Rxf1 45. Rxc5 Rg1+ 46. Kh3 Be6+
47. Kh4 Rd4+ 0-1

[Event "Islington op 8th Evening Standard"]
[Site "London"]
[Date "1972.12.16"]
[Round "3"]
[White "James, Geoffrey H"]
[Black "Ozbilen, Hayri"]
[Result "1-0"]
[WhiteElo "2232"]
[BlackElo "2080"]
[PlyCount "67"]
[EventDate "1972.12.15"]
[EventType "swiss"]
[EventRounds "6"]
[EventCountry "ENG"]
[SourceTitle "Denman Collection"]
[Source "Brian Denman"]
[SourceDate "2023.11.29"]
[SourceVersion "1"]
[SourceVersionDate "2023.11.29"]
[SourceQuality "1"]

1. e4 e6 2. d4 d5 3. Nc3 Bb4 4. e5 c5 5. a3 cxd4 6. axb4 dxc3 7. Nf3 Ne7 8.
bxc3 Qc7 9. Bd3 Nbc6 10. Bf4 g5 11. Nxg5 Nxe5 12. O-O Qxc3 13. Bb5+ N5c6 14.
Bd2 Qg7 15. Ra3 h6 16. Nf3 Rg8 17. g3 Bd7 18. Re1 a6 19. Bc3 Qg4 20. Be2 Qf4
21. b5 Nb8 22. Be5 Qf5 23. Ra4 Ng6 24. Bd3 Qh5 25. Bd6 a5 26. Kg2 b6 27. Qa1 $1
Bc8 28. Qf6 Ra7 29. Bxb8 Rd7 30. Ne5 Nxe5 31. Rxe5 Qd1 32. Rxe6+ fxe6 33. Qxe6+
Re7 34. Qxg8+ {Source: G H James.} 1-0

[Event "Islington op 8th Evening Standard"]
[Site "London"]
[Date "1972.12.16"]
[Round "3"]
[White "Lambshire, Michael V"]
[Black "Okrzeja, Boguslaw"]
[Result "1-0"]
[WhiteElo "2280"]
[BlackElo "1664"]
[PlyCount "71"]
[EventDate "1972.12.15"]
[EventType "swiss"]
[EventRounds "6"]
[EventCountry "ENG"]
[SourceTitle "BritBase"]
[Source "John Saunders"]
[SourceDate "2023.12.16"]
[SourceVersion "1"]
[SourceVersionDate "2023.12.16"]
[SourceQuality "1"]

1. e4 Nf6 2. e5 Nd5 3. d4 d6 4. Nf3 Bg4 5. Be2 e6 6. O-O Be7 7. c4 Nb6 8. exd6
cxd6 9. Nc3 O-O 10. Be3 N8d7 11. b3 Bf6 12. Rc1 Nc8 13. h3 Bxf3 14. Bxf3 Rb8
15. b4 Re8 16. c5 d5 17. b5 Bg5 18. c6 bxc6 19. bxc6 Bxe3 20. cxd7 Bxf2+ 21.
Rxf2 Qxd7 22. Na4 Nb6 23. Nc5 Qe7 24. Be2 Rbc8 25. a4 Red8 26. Ba6 Rc7 27. Qe1
Rd6 28. a5 Nd7 29. Nxd7 Qxd7 30. Bb5 Qe7 31. Rfc2 Rxc2 32. Rxc2 Rd8 33. Qc3 Qh4
34. Kh2 Qf4+ 35. Kh1 g6 36. Qc7 1-0

[Event "Islington op 8th Evening Standard"]
[Site "London"]
[Date "1972.12.16"]
[Round "3"]
[White "Linton, William Anthony"]
[Black "Pool, R"]
[Result "1-0"]
[WhiteElo "2160"]
[BlackElo "1968"]
[PlyCount "63"]
[EventDate "1972.12.15"]
[EventType "swiss"]
[EventRounds "6"]
[EventCountry "ENG"]
[SourceTitle "BritBase"]
[Source "John Saunders"]
[SourceDate "2023.12.16"]
[SourceVersion "1"]
[SourceVersionDate "2023.12.16"]
[SourceQuality "1"]

1. e4 c5 2. Nf3 d6 3. d4 cxd4 4. Nxd4 Nf6 5. Nc3 g6 6. Be3 Bg7 7. f3 Nc6 8. Bc4
Bd7 9. Qd2 Rc8 10. Bb3 Ne5 11. O-O-O Nc4 12. Bxc4 Rxc4 13. g4 Qa5 14. Nb3 Qc7
15. e5 dxe5 16. g5 Nh5 17. Nd5 Qc8 18. Na5 Ra4 19. Bxa7 e4 20. Kb1 Bf5 21. Nxb7
f6 22. Nxe7 Qxb7 23. Nxf5 gxf5 24. Qd8+ Kf7 25. Rd7+ Kg6 26. Qe7 Qb5 27. Rg1
Qc4 28. gxf6+ Kh6 29. Be3+ f4 30. Bxf4+ Nxf4 31. Qxg7+ Kh5 32. Qg5# 1-0